[Event "Heusenstamm Sparkassen op-A 2nd"]
[Site "Heusenstamm"]
[Date "2015.11.28"]
[Round "5"]
[White "Lotz, Ralf"]
[Black "Ruell, Michael"]
[Result "1/2-1/2"]
[WhiteElo "1904"]
[BlackElo "1759"]
[PlyCount "104"]
[EventDate "2015.11.26"]
[EventType "swiss"]
[EventRounds "7"]
[EventCountry "GER"]
[SourceTitle "EXT 2018"]
[Source "ChessBase"]
[SourceDate "2017.10.13"]
[SourceVersion "1"]
[SourceVersionDate "2017.10.13"]
[SourceQuality "1"]

1. d4 Nf6 2. Nf3 g6 3. g3 Bg7 4. Bg2 0-0 5. 0-0 d6 6. c4 Nc6 7. Nc3 e5 8. dxe5 Nxe5 9. Nxe5 dxe5 10. Qxd8 Rxd8 11. Bg5 Be6 12. Ne4 Nxe4 13. Bxd8 Nd2 14. Bxc7 Nxf1 15. Rxf1 Rc8 16. Ba5 b6 17. Bc3 Bxc4 18. Rd1 Bxa2 19. Ra1 Be6 20. Rxa7 e4 21. Ra3 b5 22. Bxe4 Bh3 23. f3 b4 24. Bxb4 Bxb2 25. Rd3 Rc1+ 26. Kf2 Rf1+ 27. Ke3 Bc1+ 28. Bd2 Bxd2+ 29. Rxd2 Rh1 30. Kf4 Rxh2 31. g4 Bf1 32. Bd3 h5 33. gxh5 Rxh5 34. Rd1 Bh3 35. Rh1 Kg7 36. Kg3 Be6 37. Rxh5 gxh5 38. Kh4 Kh6 39. Bb5 Bf5 40. e4 Bg6 41. e5 Kg7 42. Kg5 Bc2 43. Kxh5 f6 44. e6 Kf8 45. Bd7 Ke7 46. f4 Bd1+ 47. Kh4 Be2 48. Kg3 Bd1 49. f5 Bc2 50. Kf4 Bb3 51. Ke3 Bc2 52. Kf4 Bb3 1/2-1/2

[Event "Heusenstamm Sparkassen op-A 2nd"]
[Site "Heusenstamm"]
[Date "2015.11.27"]
[Round "2"]
[White "Ruell, Michael"]
[Black "Zirlik, Rudi"]
[Result "1-0"]
[WhiteElo "1759"]
[BlackElo "1937"]
[PlyCount "99"]
[EventDate "2015.11.26"]
[EventType "swiss"]
[EventRounds "7"]
[EventCountry "GER"]
[SourceTitle "EXT 2018"]
[Source "ChessBase"]
[SourceDate "2017.10.13"]
[SourceVersion "1"]
[SourceVersionDate "2017.10.13"]
[SourceQuality "1"]

1. d4 f5 2. g3 Nf6 3. Bg2 e6 4. Nf3 Be7 5. 0-0 0-0 6. b3 d5 7. Ba3 c6 8. Bxe7 Qxe7 9. Nbd2 Ne4 10. c4 b6 11. Re1 Nd7 12. e3 Ba6 13. Rc1 Rac8 14. Bf1 Ndf6 15. h3 g5 16. Ne5 Nxd2 17. Qxd2 Ne4 18. Qd1 Qg7 19. b4 f4 20. Qa4 Bxc4 21. Nxc4 b5 22. Qc2 bxc4 23. Bxc4 fxg3 24. fxg3 Rf3 25. Bf1 Nxg3 26. Bg2 Rf7 27. Qd3 e5 28. Bxd5 Kh8 29. Bxf7 Qxf7 30. e4 Qf4 31. Kg2 Nh5 32. Qf3 Qd2+ 33. Kh1 Nf4 34. dxe5 Rf8 35. e6 Qxb4 36. Qc3+ Qxc3 37. Rxc3 Nxe6 38. Rxc6 Nf4 39. Rec1 Nxh3 40. Kg2 Nf4+ 41. Kh2 Nd3 42. Rc8 Nxc1 43. Rxf8+ Kg7 44. Ra8 Kf6 45. Rxa7 Ke5 46. a4 Kxe4 47. Rb7 Kd5 48. a5 Kc6 49. a6 Nd3 50. Rb8 1-0

[Event "Prague Holiday K21"]
[Site "Prague"]
[Date "2015.07.26"]
[Round "2"]
[White "Vitek, Jan"]
[Black "Ruell, Michael"]
[Result "1/2-1/2"]
[WhiteElo "1786"]
[BlackElo "1740"]
[PlyCount "28"]
[EventDate "2015.07.26"]
[EventType "tourn"]
[EventRounds "9"]
[EventCountry "CZE"]
[SourceTitle "EXT 2017"]
[Source "ChessBase"]
[SourceDate "2016.10.25"]
[SourceVersion "1"]
[SourceVersionDate "2016.10.25"]
[SourceQuality "1"]

1. e4 c5 2. Nf3 Nc6 3. d4 cxd4 4. Nxd4 e5 5. Nb3 Nf6 6. Nc3 Bb4 7. Bd3 d5 8. exd5 Nxd5 9. Bd2 Nxc3 10. bxc3 Be7 11. 0-0 0-0 12. f4 exf4 13. Bxf4 Bf6 14. Qf3 g6 1/2-1/2

[Event "Prague Holiday K11"]
[Site "Prague"]
[Date "2015.07.24"]
[Round "9"]
[White "Ruell, Michael"]
[Black "Belz, Frank Martin"]
[Result "0-1"]
[WhiteElo "1740"]
[BlackElo "1943"]
[PlyCount "82"]
[EventDate "2015.07.19"]
[EventType "tourn"]
[EventRounds "9"]
[EventCountry "CZE"]
[SourceTitle "EXT 2017"]
[Source "ChessBase"]
[SourceDate "2016.10.25"]
[SourceVersion "1"]
[SourceVersionDate "2016.10.25"]
[SourceQuality "1"]

1. d4 d5 2. Nf3 Nf6 3. Bf4 c6 4. c3 Bf5 5. e3 Qb6 6. Qb3 Nbd7 7. Be2 h6 8. Nbd2 Ne4 9. Ne5 Nxd2 10. Kxd2 Nf6 11. Bd3 Bxd3 12. Nxd3 Ne4+ 13. Kc2 e6 14. f3 Nd6 15. Nc5 Qxb3+ 16. axb3 b6 17. Na6 Kd7 18. Ra4 Be7 19. Rha1 Kc8 20. Nb4 Kb7 21. c4 dxc4 22. bxc4 Nxc4 23. Nxc6 Nxe3+ 24. Bxe3 Kxc6 25. Rxa7 Rxa7 26. Rxa7 Rc8 27. Kd3 Rc7 28. Rxc7+ Kxc7 29. Kc4 Kc6 30. g4 b5+ 31. Kd3 Kd5 32. Bf4 Bf6 33. Be3 e5 34. dxe5 Bxe5 35. b3 Bxh2 36. f4 g6 37. f5 gxf5 38. gxf5 h5 39. Bf2 Bd6 40. Bd4 h4 41. Bf6 h3 0-1